| 000 | 00000nas 2200000zi 4500 |
| 001 | 9.846325 |
| 003 | CaOODSP |
| 005 | 20240708103945 |
| 006 | m o d f |
| 007 | cr cn |||||||| |
| 008 | 171030c20159999oncar p o s f0 b0fre|d |
| 022 | |a2817-5468 |
| 040 | |aCaOODSP|bfre|erda|cCaOODSP |
| 043 | |an-cn--- |
| 086 | 1 |aM2-18F-PDF|zM134-38/2015F-PDF|zM134-38/2016F-PDF|zM134-38/2017F-PDF |
| 222 | 0|a10 faits essentiels sur le secteur de l'énergie au Canada |
| 245 | 00|a10 faits essentiels sur le secteur de l'énergie au Canada. |
| 246 | 3 |aDix faits essentiels sur le secteur de l'énergie au Canada |
| 264 | 1|a[Ottawa] : |bRessources naturelles Canada = Natural Resources Canada, |c[2015]- |
| 310 | |aAnnuel |
| 336 | |atexte|btxt|2rdacontent/fre |
| 337 | |ainformatique|bc|2rdamedia/fre |
| 338 | |aressource en ligne|bcr|2rdacarrier/fre |
| 362 | 1 |aParaît depuis juillet 2015? |
| 500 | |aPublié aussi en anglais sous le titre : 10 key facts on Canada's energy sector. |
| 588 | |aDescription d'après : Juillet 2015; titre de départ du fichier PDF. |
| 588 | |aDernière livraison consultée : Septembre 2021. |
| 650 | 6|aIndustries énergétiques|zCanada|vStatistiques|vPériodiques. |
| 655 | 7|aPériodiques|2rvmgf |
| 710 | 1 |aCanada. |bRessources naturelles Canada, |eorganisme de publication. |
| 775 | 08|t10 key facts on Canada's energy sector.|w(CaOODSP)9.846324 |